Genética humana : fundamentos y aplicaciones en medicina /
Guardado en:
| Autor Principal: | |
|---|---|
| Formato: | Libro |
| Idioma: | Spanish |
| Publicado: |
Buenos Aires :
Editorial Médica Panamericana,
c2004.
|
| Edición: | 3a. ed. |
| Materias: | |
| Etiquetas: |
Agregar Etiqueta
Sin Etiquetas, Sea el primero en etiquetar este registro!
|
| LEADER | 00948nam a22002415a 4500 | ||
|---|---|---|---|
| 001 | EUN.eunm001053 | ||
| 005 | 20060816100159.0 | ||
| 008 | 060815s2004####ag#ao####b####001#0#spa#d | ||
| 020 | |a 9500620219 (Argentina) | ||
| 020 | |a 8479039264 (España) | ||
| 082 | 0 | 4 | |a 616.042 |2 21 |
| 100 | 1 | |a Solari, Alberto Juan. | |
| 245 | 1 | 0 | |a Genética humana : |b fundamentos y aplicaciones en medicina / |c Alberto Juan Solari. |
| 250 | |a 3a. ed. | ||
| 260 | |a Buenos Aires : |b Editorial Médica Panamericana, |c c2004. | ||
| 300 | |a xii, 556 p. : |b il. (algunas col.) ; |c 25 cm. | ||
| 504 | |a Incluye referencias bibliográficas e índice. | ||
| 650 | 7 | |a Medicina. |2 unbist | |
| 650 | 7 | |a Genética humana. |2 unbist | |
| 653 | |a Genética médica | ||
| 859 | |a AR-BaUNS |b BIB. CENTRAL - Sector A |h 613.9 |i So42a3 |p 117048/006 | ||
| 859 | |a AR-BaUNS |b BIB. CENTRAL - Sector A |h 613.9 |i So42a3 |p 117049/006 |t Ej.2 | ||
| 859 | |a AR-BaUNS |b BIB. CENTRAL - Sector A |h 613.9 |i So42a3 |p 117050/006 |t Ej.3 | ||
